000
00337nam a2200145Ia 4500
008
230718s9999 xx 000 0 und d
041
_a
Eng.
082
_a
340
_b
SHA-A
100
_a
Sharif, Mohammad
245
0
_a
Arbitration Act, 1940
260
_a
Pakistan
_b
Mansour book have
_c
2004
300
_a
152
650
_a
Law
999
_c
29127
_d
29127